| 000 | 00674nam a2200205 a 4500 | ||
|---|---|---|---|
| 003 | SISC | ||
| 005 | 20170126104809.0 | ||
| 008 | |||
| 020 | _a9789814384957 | ||
| 050 | 0 | 0 |
_aHD 62.7 _b.M364 2012 |
| 100 | _aMoore, Carlos W. | ||
| 245 | 0 | 0 |
_aManaging small business / _cCarlos W. Moore, J. William Petty, Leslie E. Palich, Justin G. Longenecker. |
| 250 | _aPhilippine edition. | ||
| 260 |
_aPasig City : _bCengage Learning Asia, _c2012. |
||
| 300 |
_a732 pages : _billustrations ; _c26 cm. |
||
| 500 | _aIncludes glossary and index. | ||
| 650 | 1 | 0 |
_aSmall business _xManagement. |
| 700 | 1 | _aMoore, Carlos W. | |
| 942 |
_2lcc _cBK _kFOR |
||
| 999 |
_c289042 _d289042 |
||